000 02450cam a2200301 4500500
005 20260329021228.0
041 _afre
042 _adc
100 1 0 _aDjakouane, Aurélien
_eauthor
700 1 0 _aAudemard, Julien
_eauthor
245 0 0 _aLes politiques culturelles au Sud : Modèles, valeurs, singularités
260 _c2024.
500 _a9
520 _aThis article retraces the discussions on cultural policies in Southern and South-Eastern Europe during the eponymous workshop at the CEPEL 40th anniversary colloquium. We propose to reflect on the trajectories of cultural policies in Southern Europe over the last few decades, on the specificity of cultural policies within this geographical area, their singularities and their convergences with European integration and, more broadly, to the processes of institutionalisation of public intervention in the field of culture. We also look back at recent movements in the politicisation of culture, evoking the case of illiberal regimes and movements for whose South-East Europe provides a relevant laboratory for analysis.
520 _aCet article retrace les échanges consacrés aux politiques culturelles en Europe du Sud et du Sud-Est au cours de l’atelier éponyme organisé lors du colloque des 40 ans du CEPEL. Nous proposons d’engager la réflexion sur les trajectoires des politiques culturelles en Europe du Sud au cours de ces dernières décennies, en particulier sur la spécificité des politiques culturelles au sein de cette aire géographique, leurs singularités et leurs convergences en lien avec l’intégration européenne et, plus largement, avec les processus d’institutionnalisation de l’intervention publique en matière de culture. Nous revenons également sur les mouvements récents de politisation de la culture en évoquant le cas des régimes et des mouvements illibéraux, dont l’Europe du Sud-Est constitue un laboratoire d’analyse pertinent.
690 _adémocratisation
690 _adroits culturels
690 _aEurope du Sud
690 _aillibéralisme
690 _aPolitiques culturelles
690 _aCultural policies
690 _aCultural Rights
690 _aDemocratization
690 _aIlliberalism
690 _aSouthern Europe
786 0 _nPôle Sud | 60 | 1 | 2024-09-25 | p. 117-131 | 1262-1676
856 4 1 _uhttps://shs.cairn.info/revue-pole-sud-2023-3-page-117?lang=fr&redirect-ssocas=7080
999 _c1910916
_d1910916